[Event "FIDE World Bl Team Pool A"]
[Site "London ENG"]
[Date "2025.06.14"]
[Round "2.3"]
[White "Glek, Igor"]
[Black "Delaney, Killian"]
[Result "0-1"]
[WhiteTitle "GM"]
[BlackTitle "FM"]
[WhiteElo "2444"]
[BlackElo "2275"]
[WhiteTeam "Global Ramblers"]
[BlackTeam "ChessbrahTV"]
[WhiteFideId "4100484"]
[BlackFideId "2501570"]
[EventDate "2025.06.14"]
[EventType "team"]

1. e4 c6 2. c4 d5 3. cxd5 cxd5 4. exd5 Nf6 5. Nc3 Nxd5 6. Nf3 Nc6 7. Bb5 g6 8.
Qa4 Nb6 9. Bxc6+ bxc6 10. Qxc6+ Bd7 11. Qe4 Bg7 12. d4 O-O 13. O-O Bf5 14. Qe2
Nd5 15. Re1 Nb4 16. Bg5 Qd7 17. Rad1 Rfe8 18. Ne5 Qc7 19. Bf4 Qc8 20. a3 Nc6 21.
d5 Na5 22. Qb5 Nb7 23. Nc6 Nd6 24. Bxd6 exd6 25. Ne7+ Rxe7 26. Rxe7 Rb8 27. Qe2
Bf6 28. Rxa7 Kg7 29. h3 h5 30. Ra6 Qc5 31. Rc6 Qa7 32. Nb5 Qa4 33. Nxd6 Bd7 34.
Rc4 Qa6 35. Kf1 0-1

[Event "FIDE World Bl Team Pool A"]
[Site "London ENG"]
[Date "2025.06.14"]
[Round "2.4"]
[White "Vincent, Trevor"]
[Black "Mesropov, Konstantin"]
[Result "0-1"]
[BlackTitle "IM"]
[WhiteElo "2226"]
[BlackElo "2458"]
[WhiteTeam "ChessbrahTV"]
[BlackTeam "Global Ramblers"]
[WhiteFideId "2605600"]
[BlackFideId "4116887"]
[EventDate "2025.06.14"]
[EventType "team"]

1. Nf3 d5 2. d4 e6 3. c4 c6 4. g3 f5 5. Bg2 Nf6 6. O-O Bd6 7. Nc3 O-O 8. Qc2 Ne4
9. Rb1 Qe7 10. a3 a5 11. Bf4 Nd7 12. Bxd6 Nxd6 13. c5 Ne4 14. b4 axb4 15. axb4
e5 16. e3 Nxc3 17. Qxc3 e4 18. Nd2 g5 19. b5 f4 20. exf4 gxf4 21. gxf4 Nf6 22.
f3 e3 23. Rbe1 Qg7 24. Qxe3 Bh3 25. Re2 Nh5 26. Kh1 Bf5 27. Rg1 Kh8 28. Bh3 0-1

[Event "FIDE World Bl Team Pool A"]
[Site "London ENG"]
[Date "2025.06.14"]
[Round "2.5"]
[White "Badelka, Olga"]
[Black "Garcia Martin, Marta"]
[Result "1-0"]
[WhiteTitle "IM"]
[BlackTitle "IM"]
[WhiteElo "2424"]
[BlackElo "2339"]
[WhiteTeam "Global Ramblers"]
[BlackTeam "ChessbrahTV"]
[WhiteFideId "13509926"]
[BlackFideId "32084030"]
[EventDate "2025.06.14"]
[EventType "team"]

1. d4 d5 2. Nf3 e6 3. e3 Nf6 4. Bd3 b6 5. b3 Bb7 6. Bb2 Bd6 7. Nbd2 O-O 8. O-O
c5 9. Ne5 Nc6 10. a3 Rc8 11. Qe2 Ne7 12. dxc5 bxc5 13. c4 Ng6 14. Nef3 Ne4 15.
Rfd1 Qe7 16. Nf1 Rfd8 17. Rac1 Bc6 18. Ng3 Rb8 19. cxd5 exd5 20. Nf5 Qb7 21.
Bxe4 dxe4 22. Nxd6 Rxd6 23. Rxd6 exf3 24. Qd3 fxg2 25. Qc3 f6 26. Qxc5 Bf3 27.
Qc4+ Kh8 28. Qc7 Qxc7 29. Rxc7 Ne5 30. Bxe5 fxe5 31. Rcd7 h6 32. Rd8+ Rxd8 33.
Rxd8+ Kh7 34. Rd7 a6 35. Ra7 Bd5 36. b4 Bc4 37. Kxg2 Kg6 38. Kg3 Kf6 39. Kf3
Bd5+ 40. Ke2 Bc4+ 41. Kd2 e4 42. a4 g5 43. Kc3 Be2 44. Kd4 Kf5 45. Rf7+ Kg6 46.
Re7 Bd3 47. Rxe4 1-0

[Event "FIDE World Bl Team Pool A"]
[Site "London ENG"]
[Date "2025.06.14"]
[Round "2.6"]
[White "Grose, Kameron"]
[Black "Volkov, Leonid"]
[Result "1/2-1/2"]
[WhiteElo "1907"]
[BlackElo "1828"]
[WhiteTeam "ChessbrahTV"]
[BlackTeam "Global Ramblers"]
[WhiteFideId "474010"]
[BlackFideId "12848140"]
[EventDate "2025.06.14"]
[EventType "team"]

1. e4 e5 2. Nf3 Nc6 3. Bc4 Nf6 4. d3 Be7 5. c3 d6 6. Nbd2 O-O 7. O-O a6 8. Bb3
Na5 9. Bc2 c5 10. Re1 b5 11. a4 Bg4 12. h3 Be6 13. Nf1 b4 14. c4 Rb8 15. b3 Nc6
16. Ng3 Nd4 17. Nxd4 cxd4 18. f4 exf4 19. Bxf4 Qd7 20. Nh5 Bxh3 21. Nxf6+ Bxf6
22. gxh3 Qxh3 23. Qe2 Be5 24. Bxe5 dxe5 25. Qg2 Qh6 26. Rf1 Rb6 27. Rf3 Rg6 28.
Rg3 Rxg3 29. Qxg3 Qd2 30. Qf2 Qg5+ 31. Kf1 Re8 32. Ke2 Re6 33. Rg1 Qh5+ 34. Qf3
Qh6 35. Qg4 Qe3+ 36. Kd1 g6 37. Qg5 Qf3+ 38. Kc1 f6 39. Qg4 Qe3+ 40. Kb1 Kf7 41.
Rh1 h5 42. Qg2 Re8 43. Rf1 Kg7 44. Rg1 g5 45. Qh2 Kg6 46. Rg3 Qe1+ 47. Ka2 h4
48. Qxh4 Qd2 49. Kb1 Qe1+ 50. Kb2 Qc3+ 51. Kc1 Qe1+ 52. Bd1 Qc3+ 53. Kb1 Qd2 54.
Qh5+ Kg7 55. Rh3 Kf8 56. Qh8+ Ke7 57. Qh7+ Kd6 58. Qh5 Re6 59. Qe2 Qf4 60. Rf3
Qh4 61. Qf1 g4 62. Rf2 g3 63. Rg2 Re7 64. Qf5 Rg7 65. Bf3 Qh1+ 66. Kc2 Qe1 67.
Bg4 Qc3+ 68. Kb1 Qxb3+ 69. Kc1 Qc3+ 70. Kb1 Qb3+ 71. Kc1 Qc3+ 72. Kb1 1/2-1/2

[Event "FIDE World Bl Team Pool A"]
[Site "London ENG"]
[Date "2025.06.14"]
[Round "2.1"]
[White "Khoury, Theo"]
[Black "Eren, Ataberk"]
[Result "1-0"]
[WhiteTitle "CM"]
[BlackTitle "IM"]
[WhiteElo "2209"]
[BlackElo "2423"]
[WhiteTeam "Chess Trust Accelerators"]
[BlackTeam "Satranc Istanbul"]
[WhiteFideId "480703"]
[BlackFideId "6349765"]
[EventDate "2025.06.14"]
[EventType "team"]

1. e4 c6 2. d4 d5 3. Nc3 dxe4 4. Nxe4 Nf6 5. Nxf6+ exf6 6. c3 Bd6 7. Bd3 O-O 8.
Ne2 Re8 9. O-O Nd7 10. Ng3 Nf8 11. f4 Bd7 12. b3 b5 13. Bb2 a5 14. Qf3 a4 15. c4
Ne6 16. f5 Ng5 17. Qg4 Qc7 18. bxa4 Rxa4 19. cxb5 cxb5 20. Kh1 Bxg3 21. hxg3 Re3
22. Rac1 Qb8 23. Qf4 Qe8 24. Rc7 Rxd3 25. Rxd7 h5 26. Qd6 Ra8 27. Re7 Qd8 28.
Qb4 Rxg3 29. Rfe1 Qd5 30. R1e2 Kh7 31. Qe1 Rxa2 32. Qxg3 Qc4 33. Qh4 Kh6 34. Re8
g6 35. fxg6 fxg6 36. R2e7 Qf1+ 37. Kh2 Nf3+ 38. gxf3 Rxb2+ 39. Kg3 Rg2+ 40. Kf4
Qc1+ 41. Ke4 Re2+ 42. Kd5 Qc4+ 43. Kd6 Qb4+ 44. Kd7 g5 45. Rh8+ Kg6 46. Qxh5+
Kf5 47. Qg4+ Kg6 48. Rg8+ Kh6 49. Qh3# 1-0

[Event "FIDE World Bl Team Pool A"]
[Site "London ENG"]
[Date "2025.06.14"]
[Round "2.2"]
[White "Makaraci, Tunahan"]
[Black "Verbytski, Oleg"]
[Result "1-0"]
[WhiteTitle "FM"]
[WhiteElo "2233"]
[BlackElo "1994"]
[WhiteTeam "Satranc Istanbul"]
[BlackTeam "Chess Trust Accelerators"]
[WhiteFideId "6356559"]
[BlackFideId "495506"]
[EventDate "2025.06.14"]
[EventType "team"]

1. e4 c5 2. c3 Nf6 3. e5 Nd5 4. Nf3 Nc6 5. Bc4 Nb6 6. Bb3 d6 7. exd6 Qxd6 8. O-O
g6 9. d4 cxd4 10. cxd4 Bg7 11. Be3 O-O 12. Nc3 Bg4 13. h3 Bxf3 14. Qxf3 Nxd4 15.
Bxd4 Qxd4 16. Qxb7 e6 17. Rad1 Qc5 18. Ne4 Qc8 19. Qe7 Qc6 20. Nf6+ Kh8 21. Rc1
Qb5 22. Ne4 Bxb2 23. Rc2 Bg7 24. Nd6 Qd7 25. Qxd7 Nxd7 26. Rc7 Rad8 27. Rxa7 Be5
28. Nc4 Bd4 29. Rc7 Nc5 30. g3 Kg7 31. Kg2 Nxb3 32. axb3 Rb8 33. Rd1 Bf6 34.
Rdd7 Rxb3 35. Nd6 Be5 36. Rxf7+ Rxf7 37. Rxf7+ Kg8 38. Rd7 Rd3 39. Rd8+ Kg7 40.
Ne8+ Kf7 41. Rxd3 Kxe8 42. Re3 Bf6 43. Rxe6+ Kf7 44. Ra6 g5 45. Kf3 h6 46. Ke4
Kg6 47. g4 Kg7 48. Kf5 Bd4 49. f3 Be3 50. Re6 Bc5 51. Rc6 Be7 52. Rc7 Kf7 53.
Rxe7+ Kxe7 54. Kg6 Ke6 55. Kxh6 Kf6 56. Kh5 Ke5 57. Kxg5 Kd4 58. h4 Ke3 59. h5
Kxf3 60. h6 Kg3 61. h7 Kf3 62. h8=Q Ke3 63. Qc3+ Ke2 64. Kf4 Kf1 65. Qd2 Kg1 66.
g5 Kh1 67. g6 Kg1 68. g7 Kh1 69. g8=N Kg1 70. Nf6 Kh1 71. Ng4 Kg1 72. Kg3 Kh1
73. Nf2+ Kg1 74. Nh3+ Kh1 75. Qd5# 1-0

[Event "FIDE World Bl Team Pool A"]
[Site "London ENG"]
[Date "2025.06.14"]
[Round "2.3"]
[White "Zhao, George"]
[Black "Eken, Atakan"]
[Result "1-0"]
[WhiteTitle "CM"]
[WhiteElo "2124"]
[BlackElo "2010"]
[WhiteTeam "Chess Trust Accelerators"]
[BlackTeam "Satranc Istanbul"]
[WhiteFideId "494607"]
[BlackFideId "6375626"]
[EventDate "2025.06.14"]
[EventType "team"]

1. d4 Nf6 2. c4 c5 3. d5 b5 4. cxb5 a6 5. bxa6 Bxa6 6. Nc3 d6 7. e4 Bxf1 8. Kxf1
g6 9. g3 Bg7 10. Kg2 O-O 11. Nf3 Nbd7 12. Qc2 Qa5 13. a4 Rfb8 14. Ra3 Ne8 15.
Nb5 Nc7 16. Bd2 Qb6 17. Nxc7 Qxc7 18. Bc3 Bxc3 19. Qxc3 Rb4 20. Qc2 Nb6 21. Rha1
Qd7 22. a5 Nc4 23. Ra4 Rxa4 24. Rxa4 Nxa5 25. b3 Qb5 26. Nd2 Ra6 27. Qa2 h5 28.
Nc4 Nxb3 29. Rxa6 Qxc4 30. Ra8+ Kh7 31. Qb2 Qxe4+ 32. f3 Qd4 33. Qxd4 Nxd4 34.
Ra7 Nf5 35. Kf2 Kg7 36. g4 hxg4 37. fxg4 Ne3 38. Kxe3 Kf6 39. Kf4 e6 40. g5+ Kg7
41. dxe6 1-0

[Event "FIDE World Bl Team Pool A"]
[Site "London ENG"]
[Date "2025.06.14"]
[Round "2.4"]
[White "Tahaoglu, Ugur Barkin"]
[Black "Jakhria, Kushal"]
[Result "1/2-1/2"]
[BlackTitle "CM"]
[WhiteElo "2015"]
[BlackElo "2011"]
[WhiteTeam "Satranc Istanbul"]
[BlackTeam "Chess Trust Accelerators"]
[WhiteFideId "6303331"]
[BlackFideId "497444"]
[EventDate "2025.06.14"]
[EventType "team"]

1. d4 Nf6 2. Nf3 d5 3. Bf4 g6 4. e3 Bg7 5. Be2 O-O 6. h3 c5 7. c3 Nfd7 8. O-O
Nc6 9. Nbd2 h6 10. Rc1 Re8 11. Nb3 c4 12. Nbd2 e5 13. dxe5 Ncxe5 14. Nxe5 Nxe5
15. Nf3 Kh7 16. Qd2 Bf5 17. Nxe5 Bxe5 18. Bxe5 Rxe5 19. Rcd1 Qh4 20. Qd4 Qxd4
21. Rxd4 Be4 22. Rfd1 Rae8 23. Bf3 Bxf3 24. gxf3 Rg5+ 25. Kf1 Rh5 26. Kg2 Ree5
27. f4 Ref5 28. b3 cxb3 29. axb3 Kg7 30. Rb4 b6 31. Ra1 g5 32. Kg3 gxf4+ 33.
exf4 Rf6 34. Rxa7 Rg6+ 35. Kf3 Rxh3+ 36. Ke2 Rxc3 37. Rb7 Rcc6 38. Rd7 Rge6+ 39.
Kd3 Rcd6 40. Rxd6 Rxd6 41. Kd4 Kf6 42. Rb5 Kf5 43. Rb4 h5 44. Ra4 Kxf4 45. Ra1
h4 46. Rh1 Rh6 47. Rh3 Kg4 48. Rh2 Rh5 49. b4 h3 50. b5 Kf3 51. Kd3 Rh4 52. Kd2
Rd4+ 53. Kc3 Rc4+ 54. Kd3 Kg4 55. Rh1 Rb4 56. Ke3 Rxb5 57. Rg1+ Kh4 58. Kf4 Rb4+
59. Kf5 h2 60. Rg8 Kh3 61. Rg3+ Kh4 62. Rg8 Kh3 63. Rg3+ Kh4 1/2-1/2

[Event "FIDE World Bl Team Pool A"]
[Site "London ENG"]
[Date "2025.06.14"]
[Round "2.5"]
[White "Dicen, Elis Denele"]
[Black "Kalender, Murat Emre"]
[Result "1-0"]
[WhiteTitle "WFM"]
[WhiteElo "2136"]
[BlackElo "1782"]
[WhiteTeam "Chess Trust Accelerators"]
[BlackTeam "Satranc Istanbul"]
[WhiteFideId "462560"]
[BlackFideId "34531815"]
[EventDate "2025.06.14"]
[EventType "team"]

1. d4 d5 2. Bf4 Nf6 3. e3 c5 4. Nf3 Nc6 5. Nbd2 Qb6 6. dxc5 Qxc5 7. c4 Bf5 8. a3
e6 9. Be2 Be7 10. O-O O-O 11. b4 Qb6 12. c5 Qd8 13. Nd4 Nxd4 14. exd4 a5 15. Qb3
Qd7 16. b5 Rfc8 17. Rac1 h6 18. Nf3 Ne4 19. Rfd1 Bf6 20. Be5 Bxe5 21. Nxe5 Qe7
22. f3 Ng5 23. Bd3 Bxd3 24. Qxd3 f6 25. Ng6 Qf7 26. Re1 Re8 27. Re2 Nh7 28. Rce1
Nf8 29. Nxf8 Kxf8 30. a4 Kg8 31. f4 f5 32. h3 Re7 33. Kh2 Rae8 34. Qe3 Qf6 35.
Rd1 Qf7 36. Qd2 Ra8 37. b6 Qg6 38. Re3 Qf6 39. Qc3 Qh4 40. Rf3 Kf7 41. Rb1 Ra6
42. Rb5 g5 43. fxg5 hxg5 44. Qd2 Kf6 45. Rbb3 Rg7 46. c6 bxc6 47. b7 g4 48. Rg3
gxh3 49. Rxh3 Qg4 50. b8=Q Raa7 51. Qe5+ Kf7 52. Qef4 Qg6 53. Rbg3 Qf6 54. Rh6
Qe7 55. Rxg7+ Kxg7 56. Qg5+ Qxg5 57. Qxg5+ Kf7 58. Rh7+ Kf8 59. Rxa7 1-0

[Event "FIDE World Bl Team Pool A"]
[Site "London ENG"]
[Date "2025.06.14"]
[Round "2.6"]
[White "Demir, Aleyna"]
[Black "Volovich, Julia"]
[Result "0-1"]
[WhiteElo "1651"]
[BlackElo "1945"]
[WhiteTeam "Satranc Istanbul"]
[BlackTeam "Chess Trust Accelerators"]
[WhiteFideId "6378323"]
[BlackFideId "447099"]
[EventDate "2025.06.14"]
[EventType "team"]

1. e4 e6 2. d4 d5 3. exd5 exd5 4. c4 Nf6 5. Nc3 Be7 6. Nf3 O-O 7. Be2 dxc4 8.
O-O Bg4 9. Ne5 Bxe2 10. Nxe2 Nbd7 11. Nxc4 Nb6 12. Ne5 Nfd5 13. Nc3 Bf6 14. f4
g6 15. Kh1 Bg7 16. Ne4 Ne7 17. Qd3 Nf5 18. Be3 Nxe3 19. Qxe3 Nd5 20. Qh3 Ne7 21.
Ng5 h5 22. Ngxf7 Rxf7 23. Nxf7 Kxf7 24. Rae1 Nf5 25. Qb3+ Kf8 26. Qxb7 Rb8 27.
Qc6 Rb6 28. Qc5+ Qd6 29. Qc2 Nxd4 30. Qe4 Qd7 31. Rd1 Re6 32. Qa8+ Qe8 33. Qxa7
Nf5 34. Qa3+ Kg8 35. Qb3 Kh7 36. Qh3 Re3 37. Rf3 Re1+ 38. Rf1 Re3 39. Rf3 Re2
40. g4 Re1+ 41. Rf1 Qe4+ 42. Qg2 Qxg2+ 0-1

[Event "FIDE World Bl Team Pool A"]
[Site "London ENG"]
[Date "2025.06.14"]
[Round "3.1"]
[White "Hong, Andrew"]
[Black "Nepomniachtchi, Ian"]
[Result "0-1"]
[WhiteTitle "GM"]
[BlackTitle "GM"]
[WhiteElo "2589"]
[BlackElo "2757"]
[WhiteTeam "FIDE MB Team"]
[BlackTeam "WR Chess Team"]
[WhiteFideId "2099438"]
[BlackFideId "4168119"]
[EventDate "2025.06.14"]
[EventType "team"]

1. e4 c5 2. Nf3 d6 3. d4 cxd4 4. Nxd4 Nf6 5. Nc3 a6 6. Rg1 e5 7. Nb3 Be6 8. g4
d5 9. exd5 Nxd5 10. Nxd5 Qxd5 11. Qxd5 Bxd5 12. Be3 Nc6 13. c3 O-O-O 14. Nd2 Be7
15. a4 h6 16. b4 Bg5 17. b5 Bxe3 18. fxe3 Nb8 19. c4 Be6 20. Ne4 Nd7 21. h3 a5
22. Rg2 b6 23. Rc2 Nc5 24. Nxc5 bxc5 25. Rd1 Kc7 26. Bg2 Rxd1+ 27. Kxd1 h5 28.
g5 h4 29. Ke2 Rh5 30. g6 fxg6 31. Kd3 Rg5 32. Rf2 Rg3 33. Bd5 Bf5+ 34. Be4 Rxh3
35. Bxf5 gxf5 36. Rxf5 Rg3 37. Ke4 h3 38. Kd5 Kb6 39. Rf8 Rg6 40. Rf1 0-1

[Event "FIDE World Bl Team Pool A"]
[Site "London ENG"]
[Date "2025.06.14"]
[Round "3.4"]
[White "Duda, Jan-Krzysztof"]
[Black "Al-Mudahka, Mohd"]
[Result "1-0"]
[WhiteTitle "GM"]
[BlackTitle "GM"]
[WhiteElo "2725"]
[BlackElo "2542"]
[WhiteTeam "WR Chess Team"]
[BlackTeam "FIDE MB Team"]
[WhiteFideId "1170546"]
[BlackFideId "12100030"]
[EventDate "2025.06.14"]
[EventType "team"]

1. d4 Nf6 2. Bg5 d5 3. Nd2 Nbd7 4. e3 h6 5. Bh4 e5 6. dxe5 Nxe5 7. Ngf3 Ng6 8.
Bg3 h5 9. h3 Bd6 10. Bxd6 Qxd6 11. c4 Be6 12. Qa4+ c6 13. Be2 Ne5 14. cxd5 Bxd5
15. O-O Nxf3+ 16. Nxf3 O-O 17. Rfd1 Qe7 18. Qf4 Rfe8 19. a3 a5 20. Rac1 Rad8 21.
Nd4 Qe5 22. Qxe5 Rxe5 23. b4 axb4 24. axb4 h4 25. b5 Rd6 26. bxc6 Bxc6 27. Rb1
Be4 28. Rb2 b6 29. Ra1 g5 30. Ra6 Nd5 31. Bc4 Kg7 32. Bxd5 Rdxd5 33. Raxb6 Rc5
34. f3 Bg6 35. e4 Rc4 36. Rd6 Rec5 37. Kf2 Rc7 38. Rd2 Rc1 39. Rd5 Kh6 40. Nf5+
Kh7 41. Ne3 Kh6 42. Ng4+ Kg7 43. Rxg5 Ra7 44. Rgd5 Raa1 45. Ke3 Ra3+ 46. Kf4 Ra4
47. Kg5 1-0

[Event "FIDE World Bl Team Pool A"]
[Site "London ENG"]
[Date "2025.06.14"]
[Round "3.5"]
[White "Zhu, Chen"]
[Black "Hou, Yifan"]
[Result "1-0"]
[WhiteTitle "GM"]
[BlackTitle "GM"]
[WhiteElo "2423"]
[BlackElo "2633"]
[WhiteTeam "FIDE MB Team"]
[BlackTeam "WR Chess Team"]
[WhiteFideId "8600546"]
[BlackFideId "8602980"]
[EventDate "2025.06.14"]
[EventType "team"]

1. d4 Nf6 2. c4 e6 3. Nf3 b6 4. g3 Bb4+ 5. Bd2 a5 6. Bg2 Bb7 7. Nc3 O-O 8. O-O
Bxc3 9. Bxc3 d6 10. Nd2 Bxg2 11. Kxg2 Re8 12. e4 e5 13. Qc2 Qe7 14. Rae1 Nfd7
15. b3 Na6 16. a3 exd4 17. Bxd4 Nac5 18. h3 Ne5 19. Re3 h6 20. Bb2 Qf8 21. Rfe1
Re6 22. Qc3 Rae8 23. Ba1 Nc6 24. b4 axb4 25. axb4 Nd7 26. Bb2 Ra8 27. Ra1 Ree8
28. Ree1 Nde5 29. Rxa8 Rxa8 30. Ra1 Rxa1 31. Bxa1 f6 32. f4 Nd7 33. Bb2 Qa8 34.
Qb3 Kh8 35. Kf2 Nd8 36. Qa3 Qc6 37. Qd3 Qa8 38. Qa3 Qc6 39. Qd3 Kg8 40. Qd5+
Qxd5 41. cxd5 Kf7 42. Ke3 h5 43. Kd3 g5 44. Bd4 gxf4 45. gxf4 f5 46. Nf3 fxe4+
47. Kxe4 Nf6+ 48. Bxf6 Kxf6 49. Nd4 Nf7 50. Nb5 Nh6 51. Nxc7 Nf5 52. Nb5 Ng3+
53. Kf3 Nf5 54. Nc3 Nd4+ 55. Ke4 Nc2 56. b5 Na3 57. h4 Kg6 58. f5+ Kf6 59. Kf4
Nc2 60. Ne4+ Ke7 61. f6+ Kf7 62. Kg5 Ne3 63. Nxd6+ Kf8 64. Kxh5 Nxd5 65. Kg6
Nf4+ 66. Kf5 Nd5 67. Nc4 Nc3 68. Nxb6 Nxb5 69. Kg6 Nd6 70. h5 Nf7 71. h6 Nh8+
72. Kh7 Nf7 73. Nd7+ Ke8 74. Nc5 Kf8 75. Ne6+ Ke8 76. Kg6 Nxh6 77. Kxh6 Kf7 78.
Kg5 1-0

[Event "FIDE World Bl Team Pool A"]
[Site "London ENG"]
[Date "2025.06.14"]
[Round "3.1"]
[White "Hansen, Eric"]
[Black "Khoury, Theo"]
[Result "1-0"]
[WhiteTitle "GM"]
[BlackTitle "CM"]
[WhiteElo "2609"]
[BlackElo "2209"]
[WhiteTeam "ChessbrahTV"]
[BlackTeam "Chess Trust Accelerators"]
[WhiteFideId "2606771"]
[BlackFideId "480703"]
[EventDate "2025.06.14"]
[EventType "team"]

1. e4 c5 2. Nf3 d6 3. c3 Nf6 4. Be2 g6 5. O-O Bg7 6. Re1 O-O 7. Bf1 e5 8. h3 Nc6
9. d3 Re8 10. a3 d5 11. Nbd2 Be6 12. b4 cxb4 13. axb4 a6 14. Ng5 Qc7 15. Nxe6
fxe6 16. Nf3 Rad8 17. Qb3 Nh5 18. g3 Rf8 19. Bg2 Nf6 20. b5 axb5 21. Qxb5 Ra8
22. Rb1 Na5 23. Ng5 Qxc3 24. Bb2 Qc6 25. Bxe5 dxe4 26. dxe4 Qxb5 27. Rxb5 Ra6
28. Bc7 h6 29. Nxe6 Rxe6 30. Bxa5 Rfe8 31. e5 Nd7 32. Bd5 Bxe5 33. Rxb7 Nf6 34.
Rxe5 1-0

[Event "FIDE World Bl Team Pool A"]
[Site "London ENG"]
[Date "2025.06.14"]
[Round "3.2"]
[White "Verbytski, Oleg"]
[Black "Ragnarsson, Dagur"]
[Result "1-0"]
[BlackTitle "IM"]
[WhiteElo "1994"]
[BlackElo "2349"]
[WhiteTeam "Chess Trust Accelerators"]
[BlackTeam "ChessbrahTV"]
[WhiteFideId "495506"]
[BlackFideId "2304058"]
[EventDate "2025.06.14"]
[EventType "team"]

1. e4 c5 2. Nf3 Nc6 3. d4 cxd4 4. Nxd4 e5 5. Nb5 d6 6. N1c3 a6 7. Na3 Be7 8. Nc4
b5 9. Ne3 Nf6 10. Ned5 O-O 11. Be3 Be6 12. Nxf6+ Bxf6 13. Nd5 Bg5 14. Qd2 Bxe3
15. Nxe3 Rc8 16. c3 Qb6 17. Be2 Rfd8 18. O-O Ne7 19. Bf3 b4 20. cxb4 Nc6 21. Nc2
Rb8 22. a3 a5 23. Rfd1 axb4 24. Nxb4 Nd4 25. Qe3 Rdc8 26. Rac1 Rc5 27. Nd3 Rxc1
28. Rxc1 Qb3 29. Bd1 Qa2 30. Qd2 h6 31. Nb4 Rxb4 32. Qxb4 h5 33. h3 h4 34. a4 g5
35. a5 Kg7 36. Qc3 Bd7 37. b4 Qe6 38. Qa3 Qg6 39. a6 g4 40. Bxg4 Bxg4 41. hxg4
Qxg4 42. Re1 Nc2 43. Qc3 h3 44. Qxh3 Qg5 45. Qg3 1-0

[Event "FIDE World Bl Team Pool A"]
[Site "London ENG"]
[Date "2025.06.14"]
[Round "3.3"]
[White "Delaney, Killian"]
[Black "Zhao, George"]
[Result "0-1"]
[WhiteTitle "FM"]
[BlackTitle "CM"]
[WhiteElo "2275"]
[BlackElo "2124"]
[WhiteTeam "ChessbrahTV"]
[BlackTeam "Chess Trust Accelerators"]
[WhiteFideId "2501570"]
[BlackFideId "494607"]
[EventDate "2025.06.14"]
[EventType "team"]

1. e4 e6 2. d4 d5 3. e5 c5 4. c3 Nc6 5. Nf3 Bd7 6. Bd3 cxd4 7. cxd4 Qb6 8. O-O
Nxd4 9. Nbd2 Nc6 10. Nb3 Nge7 11. Be3 Qc7 12. Rc1 Ng6 13. Nc5 Be7 14. b4 a6 15.
a4 Bxc5 16. Bxc5 Ncxe5 17. b5 Nxd3 18. Qxd3 axb5 19. axb5 Ne5 20. Nxe5 Qxe5 21.
Rfe1 Qg5 22. h4 Qh5 23. Bb4 Qxh4 24. Bd6 Qg5 25. Qc3 f6 26. Qc7 Qf5 27. Qxb7 Rd8
28. Rc7 h5 29. b6 h4 30. Qa6 h3 31. Qe2 hxg2 32. Kxg2 Qg5+ 33. Bg3 Qf5 34. f4
Qh3+ 35. Kf2 Kf7 36. Qxe6+ Qxe6 37. Rxe6 Kxe6 38. b7 f5 0-1

[Event "FIDE World Bl Team Pool A"]
[Site "London ENG"]
[Date "2025.06.14"]
[Round "3.4"]
[White "Jakhria, Kushal"]
[Black "Vincent, Trevor"]
[Result "0-1"]
[WhiteTitle "CM"]
[WhiteElo "2011"]
[BlackElo "2226"]
[WhiteTeam "Chess Trust Accelerators"]
[BlackTeam "ChessbrahTV"]
[WhiteFideId "497444"]
[BlackFideId "2605600"]
[EventDate "2025.06.14"]
[EventType "team"]

1. d4 Nf6 2. c4 g6 3. Nc3 d5 4. Nf3 Bg7 5. Qb3 dxc4 6. Qxc4 Be6 7. Qa4+ c6 8. e4
O-O 9. Qc2 Bg4 10. Be3 Nbd7 11. O-O-O Qa5 12. Bd2 Bxf3 13. gxf3 e5 14. d5 cxd5
15. exd5 Rac8 16. Bh3 Rc4 17. Kb1 b5 18. Qd3 Nc5 19. Qe2 Rh4 20. Bg2 b4 21. Ne4
Nxd5 22. Bg5 Nf4 23. Bxf4 Rxf4 24. Rd5 Rxe4 25. fxe4 Qb6 26. Rc1 Ne6 27. Qd2 Nd4
28. Qd3 Re8 29. Rdc5 Qe6 30. Bh3 Qf6 31. Rc8 Rxc8 32. Rxc8+ Bf8 33. Qd2 Kg7 34.
f4 Qh4 35. fxe5 Qxe4+ 36. Kc1 Ne2+ 37. Kd1 Nf4 38. Bf1 Qb1+ 39. Rc1 Qe4 40. Rc4
Qf3+ 41. Ke1 Ne6 42. Rxb4 Bxb4 43. Qxb4 Qe3+ 44. Be2 Qxe5 45. Qc3 Nd4 46. Qd2
Nf3+ 0-1

[Event "FIDE World Bl Team Pool A"]
[Site "London ENG"]
[Date "2025.06.14"]
[Round "3.5"]
[White "Garcia Martin, Marta"]
[Black "Dicen, Elis Denele"]
[Result "1-0"]
[WhiteTitle "IM"]
[BlackTitle "WFM"]
[WhiteElo "2339"]
[BlackElo "2136"]
[WhiteTeam "ChessbrahTV"]
[BlackTeam "Chess Trust Accelerators"]
[WhiteFideId "32084030"]
[BlackFideId "462560"]
[EventDate "2025.06.14"]
[EventType "team"]

1. e4 c5 2. Nc3 Nc6 3. Bb5 Nd4 4. Nf3 Nxb5 5. Nxb5 a6 6. Nc3 b5 7. d4 cxd4 8.
Qxd4 e6 9. Bg5 Qc7 10. O-O f6 11. Be3 Ne7 12. Rfe1 Nc6 13. Qd2 Be7 14. Bf4 Qb7
15. Bd6 O-O 16. Rad1 Qb6 17. Ne2 Ra7 18. Ng3 Bxd6 19. Qxd6 Qc7 20. Qc5 Na5 21.
Qb4 Nc6 22. Qd2 Ne5 23. Nd4 Nc4 24. Qc3 d6 25. b3 Ne5 26. Qe3 Bd7 27. h4 Nc6 28.
Nxc6 Bxc6 29. h5 h6 30. Rd2 Rd8 31. Red1 Qe7 32. Ne2 d5 33. Nf4 Rad7 34. exd5
exd5 35. Qxe7 Rxe7 36. Kf1 d4 37. Rxd4 Rxd4 38. Rxd4 Be4 39. c4 bxc4 40. bxc4
Bf5 41. f3 Rc7 42. g4 Bc8 43. Ke2 Kf7 44. Kd3 Bb7 45. Nd5 Rd7 46. Ke3 Rd6 47. f4
Re6+ 48. Kd3 Rc6 49. f5 Rc5 50. Nf4 Bc8 51. Rd5 Rc6 52. Kd4 Rb6 53. Kc5 Rb7 54.
Kc6 Re7 55. Ng6 Bb7+ 56. Kd6 Re8 57. Rc5 Bf3 58. Rc7+ Kg8 59. Ne7+ Kf8 60. c5
Rd8+ 61. Rd7 Ra8 62. c6 Bxc6 63. Nxc6 a5 64. a4 Re8 65. Nxa5 g5 66. hxg6 Kg8 67.
Nc6 Kh8 68. Rh7+ Kg8 69. Ne7+ Kf8 70. Rh8+ Kg7 71. Rxe8 1-0